Statistics for Regions of Countries #1

Click here to take the quiz!

General Stats

  • This quiz has been taken 78,101 times
    (51,372 since last reset)
  • The average score is 16 of 21

Answer Stats

RegionCountry% Correct
TuscanyItaly
97%
New EnglandUnited States
97%
BavariaGermany
94%
CornwallUnited Kingdom
94%
NewfoundlandCanada
93%
TasmaniaAustralia
92%
HokkaidoJapan
92%
HollandNetherlands
92%
BrittanyFrance
84%
SumatraIndonesia
82%
ManchuriaChina
79%
AndalusiaSpain
78%
JutlandDenmark
70%
BohemiaCzech Republic
64%
GujaratIndia
64%
KamchatkaRussia
60%
ChiapasMexico
60%
AnatoliaTurkey
60%
WalloniaBelgium
55%
LuzonPhilippines
50%
South OssetiaGeorgia
49%

Score Distribution

Percentile by Number Answered

Percent of People with Each Score

Your Score History

You have not taken this quiz since the last reset